Fr. Conceicao Rodrigues College of Engineering

Cloud computing:Unleashing next gen Infrastructure to applications (Record no. 19024)

MARC details
000 -LEADER
fixed length control field 00420nam a2200181Ia 4500
082 ## - DEWEY DECIMAL CLASSIFICATION NUMBER
Classification number 4.65
Item number SAU
100 ## - MAIN ENTRY--PERSONAL NAME
Personal name Saurabh Kumar D
250 ## - EDITION STATEMENT
Edition statement 3
245 ## - TITLE STATEMENT
Title Cloud computing:Unleashing next gen Infrastructure to applications
260 ## - PUBLICATION, DISTRIBUTION, ETC.
Name of publisher, distributor, etc. Wiley
Date of publication, distribution, etc. 2014
366 ## - TRADE AVAILABILITY INFORMATION
Publishers's discount category 27
300 ## - PHYSICAL DESCRIPTION
Extent 220
546 ## - LANGUAGE NOTE
Language note ENGLISH
-- electronics
650 ## - SUBJECT ADDED ENTRY--TOPICAL TERM
Topical term or geographic name entry element Cloud computing
654 ## - SUBJECT ADDED ENTRY--FACETED TOPICAL TERMS
Focus term cloud computing
942 ## - ADDED ENTRY ELEMENTS (KOHA)
Koha item type BOOK
Holdings
Withdrawn status Lost status Damaged status Not for loan Collection Home library Current library Date acquired Source of acquisition Cost, normal purchase price Inventory number Total Checkouts Full call number Barcode Date last seen Cost, replacement price Price effective from Koha item type
        CRC Fr. Agnel's C.Rodrigues College of Engineering Fr. Agnel's C.Rodrigues College of Engineering 17/03/2023 Allied Publishers 386.17 345 dt 10.06.2015   4.65 SAU 23689 17/03/2023 529.00   BOOK